000 00328 a2200145 4500
001 60010
020 _a346484031x
040 _cAnchieta - Pituba
240 1 0 _aKíras lernwelt
_lpor
245 1 0 _aKíras lernwelt
300 _a63
362 0 _a2005
650 4 _aLínguas germânicas (teutônicas) língua alemã
942 _cBK
999 _c60010
_d60010